000 00657nam a22002057a 4500
003 OSt
005 20260422083445.0
008 260422b |||||||| |||| 00| 0 eng d
020 _a978-93-86372-85-7
040 _aDWC-Main lib
_cOC
082 _aCirc. 796 S773s 2018
100 _aSrivasta, Jagmohan
245 _aSports management/
_cJagmohan Srivasta
260 _aNew Delhi,India:
_bRandom publication,
_cc2018.
300 _a295 pages :
_billustration ;
_c24 cm.
504 _aIncludes bibliographical reference and index.
650 _a1. sports administration
650 _a2. sports industry- management
942 _2ddc
_cBK-CIRC
_hCirc.
_n0
999 _c9733
_d9733